[Event "POL ch 44"]
[Site "Wroclaw"]
[Date "1987.??.??"]
[Round "19"]
[White "Kuczynski, Robert"]
[Black "Sygulski, Artur"]
[Result "1/2-1/2"]
[WhiteElo "2450"]
[BlackElo "2400"]
[PlyCount "131"]
[EventDate "1987.??.??"]
[Source "Polbase"]
[SourceDate "1999.10.27"]

1. e4 d5 2. exd5 Qxd5 3. Nc3 Qd6 4. d4 Nf6 5. Bc4 a6 6. Bb3 Bg4 7. f3 Bf5 8.
Nge2 Nc6 9. Bf4 Qd7 10. a3 Na5 11. Ba2 e6 12. b4 Nc6 13. d5 exd5 14. Nxd5 Nxd5
15. Qxd5 Bxc2 16. Qxd7+ Kxd7 17. Bxf7 Bd6 18. Bxd6 Kxd6 19. Kd2 Bf5 20. Kc3
Rad8 21. Ng3 Ke7 22. Bc4 Bg6 23. Rae1+ Kf8 24. Ne4 b5 25. Ba2 Bf7 26. Bxf7 Kxf7
27. h4 h6 28. Nc5 Rd6 29. Re4 Ra8 30. Rhe1 a5 31. Rf4+ Kg8 32. Re6 axb4+ 33.
axb4 Ra3+ 34. Kb2 Ra8 35. Kc3 Rad8 36. Rxd6 cxd6 37. Ne6 Rc8 38. Kd2 Ne7 39. h5
d5 40. Nc5 Nc6 41. Ne6 Ra8 42. Nd4 Nxb4 43. Nxb5 Nc6 44. Nc7 Ra2+ 45. Kd3 Rxg2
46. Rf5 Nb4+ 47. Kc3 Rc2+ 48. Kxb4 Rxc7 49. Rxd5 Kf7 50. Rf5+ Ke6 51. Rf4 Kd5
52. Rg4 Ke5 53. Re4+ Kf6 54. Rg4 Rc1 55. Rf4+ Ke7 56. Rg4 Kf7 57. Rf4+ Kg8 58.
Rf5 Rc7 59. Re5 Rf7 60. Kc4 Rxf3 61. Kd4 Kf7 62. Ke4 Rf6 63. Ra5 Rb6 64. Kf4
Rb4+ 65. Kg3 Rd4 66. Ra7+ 1/2-1/2

[Event "POL ch 44"]
[Site "Wroclaw"]
[Date "1987.??.??"]
[Round "19"]
[White "Matlak, Marek"]
[Black "Przewoznik, Jan"]
[Result "1-0"]
[WhiteElo "2390"]
[BlackElo "2430"]
[PlyCount "75"]
[EventDate "1987.??.??"]
[Source "Polbase"]
[SourceDate "1999.10.27"]

1. Nf3 Nf6 2. c4 e6 3. d4 c5 4. Nc3 cxd4 5. Nxd4 Bb4 6. Ndb5 O-O 7. a3 Bxc3+ 8.
Nxc3 d5 9. Bg5 h6 10. Bxf6 Qxf6 11. cxd5 exd5 12. e3 Nc6 13. Qxd5 Rd8 14. Qf3
Qg6 15. Bb5 Bg4 16. Qf4 Qc2 17. O-O Qxb2 18. Bxc6 Qxc3 19. Bxb7 Rab8 20. Bd5
Bh5 21. e4 Rb6 22. Qh4 Rxd5 23. exd5 Be2 24. Rfe1 Rg6 25. d6 Qf3 26. Qg3 Rxg3
27. hxg3 Qd3 28. d7 a5 29. Rad1 Bxd1 30. Re8+ Kh7 31. d8=Q Qb3 32. Rh8+ Kg6 33.
Qxa5 Bg4 34. Rd8 f5 35. Qb4 Qa2 36. f3 Bh5 37. g4 fxg4 38. Qe4+ 1-0

[Event "POL ch 44"]
[Site "Wroclaw"]
[Date "1987.??.??"]
[Round "19"]
[White "Panczyk, Krzysztof"]
[Black "Maciejewski, Miroslaw"]
[Result "1/2-1/2"]
[WhiteElo "2410"]
[BlackElo "2285"]
[PlyCount "61"]
[EventDate "1987.??.??"]
[Source "Polbase"]
[SourceDate "1999.10.27"]

1. d4 Nf6 2. c4 c5 3. d5 b5 4. cxb5 a6 5. bxa6 g6 6. Nc3 Bxa6 7. g3 d6 8. Nh3
Bg7 9. Nf4 Nbd7 10. h4 h5 11. Qc2 Ne5 12. Bg2 O-O 13. O-O Qb6 14. b3 Rfb8 15.
Bd2 Bc8 16. Ne4 Bf5 17. Nxf6+ Bxf6 18. Be4 Bxe4 19. Qxe4 Ra6 20. Bc3 Kg7 21.
Qc2 Qa7 22. Rfd1 Nd7 23. Bxf6+ Nxf6 24. Rd2 Ra3 25. Rb1 Rb4 26. Rb2 Qb7 27. e3
Kh7 28. Nd3 Rb6 29. Nf4 Rb4 30. Nd3 Rb6 31. Nf4 1/2-1/2

[Event "POL ch 44"]
[Site "Wroclaw"]
[Date "1987.??.??"]
[Round "19"]
[White "Staniszewski, Piotr"]
[Black "Juroszek, Tadeusz"]
[Result "1/2-1/2"]
[WhiteElo "2420"]
[BlackElo "2320"]
[PlyCount "39"]
[EventDate "1987.??.??"]
[Source "Polbase"]
[SourceDate "1999.10.27"]

1. d4 Nf6 2. c4 c5 3. d5 e5 4. Nc3 d6 5. e4 Be7 6. Nf3 O-O 7. h3 Ne8 8. g4 a6
9. a4 g6 10. Rg1 Nd7 11. h4 Ndf6 12. Nh2 Kh8 13. h5 gxh5 14. gxh5 Rg8 15. Rxg8+
Nxg8 16. Qf3 Bg5 17. Ng4 Bxc1 18. Rxc1 Qg5 19. Ne3 Nh6 20. Qg3 1/2-1/2

[Event "POL ch 44"]
[Site "Wroclaw"]
[Date "1987.??.??"]
[Round "19"]
[White "Stempin, Pawel"]
[Black "Dejkalo, Stefan"]
[Result "1-0"]
[WhiteElo "2415"]
[BlackElo "2395"]
[PlyCount "117"]
[EventDate "1987.??.??"]
[Source "Polbase"]
[SourceDate "1999.10.27"]

1. d4 f5 2. g3 Nf6 3. Nf3 e6 4. Bg2 d5 5. c4 c6 6. Qc2 Bd6 7. Bf4 O-O 8. Nbd2
Bxf4 9. gxf4 b6 10. e3 Bb7 11. O-O Na6 12. cxd5 cxd5 13. Qa4 Qe7 14. a3 Rfc8
15. Rfc1 Qe8 16. Qxe8+ Nxe8 17. Ng5 Rxc1+ 18. Rxc1 Rc8 19. Nb3 Nac7 20. Bf1 Nd6
21. Be2 h6 22. Nf3 Ba6 23. Bxa6 Nxa6 24. Rxc8+ Nxc8 25. Ne5 Nb8 26. Nc1 Ne7 27.
Ncd3 Kf8 28. b4 a6 29. Kg2 Nec6 30. Kg3 Ne7 31. Nb2 Nec6 32. Nbd3 Ne7 33. Kh4
Ke8 34. Kh5 Nd7 35. Nxd7 Kxd7 36. Ne5+ Ke8 37. a4 Kd8 38. Nf7+ Ke8 39. Ne5 Kd8
40. h3 Ke8 41. a5 bxa5 42. bxa5 Kf8 43. Nd7+ Ke8 44. Nb8 Kf7 45. Kh4 Kf6 46.
Kg3 g5 47. fxg5+ hxg5 48. f4 gxf4+ 49. Kxf4 Ng6+ 50. Kg3 Ne7 51. h4 Kf7 52. Kf4
Ng6+ 53. Kg5 f4 54. exf4 Ne7 55. h5 Nf5 56. Nxa6 Nxd4 57. Nb4 Nb5 58. a6 d4 59.
Nc6 1-0

[Event "POL ch 44"]
[Site "Wroclaw"]
[Date "1987.??.??"]
[Round "19"]
[White "Tomaszewski, Roman"]
[Black "Sznapik, Aleksander"]
[Result "1-0"]
[WhiteElo "2380"]
[BlackElo "2425"]
[PlyCount "93"]
[EventDate "1987.??.??"]
[Source "Polbase"]
[SourceDate "1999.10.27"]

1. d4 Nf6 2. c4 c5 3. Nf3 cxd4 4. Nxd4 b6 5. Nc3 Bb7 6. f3 d6 7. e4 e6 8. Be2
Nbd7 9. O-O Be7 10. Be3 O-O 11. Qd2 a6 12. Rfd1 Qc7 13. Rac1 Rfe8 14. Bf1 Rac8
15. Kh1 Qb8 16. Bg1 h5 17. b3 h4 18. Be3 Ne5 19. h3 Ng6 20. Nde2 b5 21. cxb5
axb5 22. Nf4 b4 23. Nxg6 fxg6 24. Nb5 d5 25. Ba7 Qa8 26. e5 Nh5 27. Bf2 Qb8 28.
Nd6 Bxd6 29. exd6 Qxd6 30. Bxh4 e5 31. Be1 e4 32. Qxb4 Rxc1 33. Rxc1 Qf4 34.
Rd1 exf3 35. Qxf4 fxg2+ 36. Kxg2 Nxf4+ 37. Kg3 g5 38. Bb4 Re3+ 39. Kf2 d4 40.
Rxd4 Rf3+ 41. Ke1 Kh7 42. Bd2 Kg6 43. h4 Kf5 44. hxg5 Be4 45. Bxf4 Rxf4 46. a4
Rh4 47. Bg2 1-0